000 00528nam a2200205 a 4500
005 20210219153027.0
008 991125n 000 0 spa u
035 _aUPN01000073376
100 _aCOSTA JOU, Ramon
222 _aCONESCAL
245 _aLa edad preescolar en la escuela activa
260 _aMEXICO
300 _a12-15
362 _a1971 No. 19, mar.
653 0 _aEDUCACION PREESCOLAR
653 0 _aESCUELA ACTIVA
653 0 _aPROCESO ENSEƑANZA-APRENDIZAJE
904 _aAC
_b011187
905 _aArticulo
999 _c66384
_d66384